Report of the Special Budget Committee on the 2024 Budget Estimates of the Ghana Audit Service (Record no. 4005)

MARC details
000 -LEADER
fixed length control field 00482nam a2200145Ia 4500
008 - FIXED-LENGTH DATA ELEMENTS--GENERAL INFORMATION
fixed length control field 240429s9999||||xx |||||||||||||| ||und||
041 ## - LANGUAGE CODE
Language code of text/sound track or separate title eng
082 ## - DEWEY DECIMAL CLASSIFICATION NUMBER
Classification number CR/GAS/24
100 ## - MAIN ENTRY--PERSONAL NAME
Personal name Special Budget Committee
245 #0 - TITLE STATEMENT
Title Report of the Special Budget Committee on the 2024 Budget Estimates of the Ghana Audit Service
300 ## - PHYSICAL DESCRIPTION
Extent 13p.: tabs
650 ## - SUBJECT ADDED ENTRY--TOPICAL TERM
Topical term or geographic name entry element Report of the Special Budget Committee on the 2024 Budget Estimates of the Ghana Audit Service
942 ## - ADDED ENTRY ELEMENTS (KOHA)
Koha item type Committee Reports
Holdings
Withdrawn status Lost status Damaged status Not for loan Home library Current library Shelving location Date acquired Total checkouts Full call number Date last seen Copy number Price effective from Koha item type
        Main Library Main Library Open Shelves 05/01/2024   CR/GAS/24 8182 C1 - CR/GAS/24 8183 C2 - CR/GAS/24 88184 C3 - CR/GAS/24 8185 C4 - CR/GAS/24 8186 C6 29/04/2024 1 29/04/2024 Committee Reports
©2026  Parliament of Ghana Library - All rights reserved